LEADER 01529nam a2200325 a 4500 001 000000133987 003 CaOOAMICUS 005 20130523115445.0 008 130523s2010 ne u000 u eng r 020 $z9789004181915* 040 $aPUL$bita 082 04$a180 100 1 $aMartijn, Marije.$0(OLS)http://pul/name/86345 245 10$aProclus on nature :$bphilosophy of nature and its methods in Proclus' Commentary on Plato's Timaeus /$cby Marije Martijn. 260 $aLeiden ;$aBoston :$bBrill,$c2010. 300 $aVIII, 360 p. ;$c25 cm 490 1 $aPhilosophia antiqua ;$v121 504 $aContiene indicazioni bibliografiche (p. [303]-320) e indice. 600 04$aPlato,$d427-347 a.C.$tTimaeus.$0(OLS)http://pul/subject/33450 600 04$aProclus Atheniensis,$d410-c. 485$xCritica e interpretazione.$0(OLS)http://pul/subject/11597 650 4$aFilosofia della natura.$0(OLS)http://pul/subject/8566 830 0$aPhilosophia antiqua ;$v121.$0(OLS)http://pul/title/2231 850 $aPUL 852 $aPUL$W1$xSL Filosofia 3$y81$m180 COLL 3.121$j154057$qDDC 21$B153608$CPULBib$Z2$F153608 $H122463 $82 941 1 $a9 996 $6020$z9789004181915*$9(OLS)http://pul/number/152765 996 $6082$a180$9(OLS)http://pul/classification/366 996 $6245$aProclus on nature :$bphilosophy of nature and its methods in Proclus' Commentary on Plato's Timaeus$9(OLS)http://pul/title/169386 996 $6260$aLeiden ;$aBoston :$bBrill$9(OLS)http://pul/publisher/68781 LEADER 01259nam a2200289 a 4500 001 000000175465 003 CaOOAMICUS 005 20221006122848.0 008 221006s2017 it u000 u ita r 020 $a978-88-7878-261-7* 032 $aLibriCat 040 $aPUL$bita 082 04$a231.3 100 1 $aMartinez, Salvatore.$0(OLS)http://pul/name/69017 245 10$aRimane con voi e sarà in voi : $bla vera crisi è spirituale ma lo Spirito Santo non è in crisi! / $cSalvatore Martinez. 260 $aRoma :$bRinnovamento dello Spirito Santo,$c©2017. 300 $a231 p. ;$c21 cm 650 4$aSpiritus Sanctus.$0(OLS)http://pul/subject/903 850 $aPUL 852 $aPUL$W1$xSL Religione 3$y85$m231. 3 MARSA 3$j199679$qDDC 21$B204399$CPULBib$Z2$F204399 $H135853 $82 941 1 $a9 960 $aSpirito Santo$9903 996 $6020$a978-88-7878-261-7*$9(OLS)http://pul/number/168855 996 $6082$a231.3$9(OLS)http://pul/classification/2274 996 $6245$aRimane con voi e sarà in voi : $bla vera crisi è spirituale ma lo Spirito Santo non è in crisi! / $9(OLS)http://pul/title/216914 996 $6260$aRoma :$bRinnovamento dello Spirito Santo$9(OLS)http://pul/publisher/70382 LEADER 02498naa a2200385 a 4500 001 000000126074 003 CaOOAMICUS 005 20110727100525.0 008 110719s1570 it u001 u lat r 026 $aetS. s:no$bi.od ctli (3)$c1570 (R)$dT. 8 pt. 1 026 $am.i. sti-$bs.it qutu (3)$c1570 (R)$dT. 8 pt. 2 040 $aPUL$bita 100 1 $aThomas Aquinas,$cs.,$d c.1225-1274.$0(OLS)http://pul/name/72782 240 10$aQuaestiones disputatae$f1570.$0(OLS)http://pul/title/159153 245 10$aD. Thomae Aquinatis doctoris angelici complectens quaestiones, quae disputatae dicuntur, et quaestiones quodlibetales, sive Placitorum. S. Tho.. 246 30$aQuaestiones, quae disputatae dicuntur 246 30$aQuaestiones quodlibetales 260 $aRomae :$b(apud Iulium Accoltum),$c1570. 300 $a2 pt. ([6], 490 ; [4], 78 c.):$britr. ;$cfol. (33 cm). 500 $aTesto su colonne. 500 $aSegnatura: A6 A-Z8 2A-2Z8 3A-3O8 3P10 (pt. 1) ; [croce latina]4 A-I8 K6 (pt. 2). 500 $aInclude indici. 500 $aPresenza di registro in fine a ciascuna parte. 500 $aMarca tipografica in fine alla pt. 1: Aquila e aquilotto in volo fissano il sole. Sullo sfondo paesaggio, in alto un nastro con il motto, in basso stemma nobiliare. Motto: Sic crede. (Z145). 505 0 $aPt. 1 Divi Thomae Aquinatis doctoris angelici quaestiones disputatae ... -- pt. 2 Divi Thomae Aquinatis doctoris angelici quaestiones quodlibetales duodecim ... 662 $aItalia$dRoma.$0(OLS)http://pul/subject/34878 700 02$aThomas Aquinas,$cs.,$dc. 1225-1274.$tQuodlibetum XII$f1570.$0(OLS)http://pul/nameTitle/1453$0(OLS)http://pul/name/3373$0(OLS)http://pul/title/159155 710 0 $aAccolti, Giulio$4pbl.$0(OLS)http://pul/name/71446 773 1 $aThomas Aquinas, s., c.1225-1274 .$tDivi Thomae Aquinatis ... Opera omnia ..$dRomae : (apud haeredes Antonij Bladi, et Ioannem Osmarinum Liliotum socios), 1569-1571 Romae : (apud Iulium Accoltum) $w()116921 900 $aTommaso d'Aquino,$cs.,$dc.1225-1274$93373 996 $6246$aQuaestiones, quae disputatae dicuntur$9(OLS)http://pul/title/159288 996 $6246$aQuaestiones quodlibetales$9(OLS)http://pul/title/77648 996 $6245$aD. Thomae Aquinatis doctoris angelici complectens quaestiones, quae disputatae dicuntur, et quaestiones quodlibetales, sive Placitorum. S. Tho..$9(OLS)http://pul/title/159154 996 $6260$aRomae :$b(apud Iulium Accoltum)$9(OLS)http://pul/publisher/81648